书目信息 |
| 题名: |
产业规划研究与案例分析
|
|
| 作者: | 陈文晖 , 鲁静 编著 | |
| 分册: | ||
| 出版信息: | 北京 社会科学文献出版社 2010.7 |
|
| 页数: | 365页 | |
| 开本: | 24cm | |
| 丛书名: | ||
| 单 册: | ||
| 中图分类: | F121.3 | |
| 科图分类: | ||
| 主题词: | 产业--经济规划--研究--中国 , 产业--经济规划--案例--分析--中国 , 产业 , 经济规划 | |
| 电子资源: | ||
| ISBN: | 978-7-5097-1488-1 | |
| 000 | 01002nam0 2200289 45 | |
| 001 | 515 | |
| 005 | 20120531153403.82 | |
| 010 | @a978-7-5097-1488-1@dCNY69.00 | |
| 100 | @a20120328d2010 em y0chiy0110 ea | |
| 101 | 0 | @achi |
| 102 | @aCN@b110000 | |
| 105 | @ay z 000yy | |
| 106 | @ar | |
| 200 | 1 | @a产业规划研究与案例分析@AChan Ye Gui Hua Yan Jiu Yu An Li Fen Xi@f陈文晖,鲁静编著@FChen Wen Hui, Lu Jing Bian Zhu |
| 210 | @a北京@c社会科学文献出版社@d2010.7 | |
| 215 | @a365页@d24cm | |
| 300 | @a研究编制“十二五”规划权威参考 | |
| 330 | @a本书试图破解我国以往产业规划编制中存在的问堤,系统总结产业发展理论,探讨产业规划编制的原则、依据、内容和数量分析预测的方法。 | |
| 606 | 0 | @a产业@x经济规划@x研究@y中国 |
| 606 | 0 | @a产业@x经济规划@x案例@x分析@y中国 |
| 606 | 0 | @a产业 |
| 606 | 0 | @a经济规划 |
| 690 | @aF121.3@v4 | |
| 701 | 0 | @a陈文晖@AChen Wen Hui@f(1969~)@4编著 |
| 701 | 0 | @a鲁静@ALu Jing@f(1969~)@4编著 |
| 801 | 0 | @aCN@bTSTCL@c20120328 |
| 905 | @b0813909-15@dF121.3@e206@f7 | |
| 产业规划研究与案例分析/陈文晖,鲁静编著.-北京:社会科学文献出版社,2010.7 |
| 365页;24cm |
| 研究编制“十二五”规划权威参考 |
| ISBN 978-7-5097-1488-1:CNY69.00 |
| 本书试图破解我国以往产业规划编制中存在的问堤,系统总结产业发展理论,探讨产业规划编制的原则、依据、内容和数量分析预测的方法。 |
| ● |
| 相关链接 |
|
|
|
|
正题名:产业规划研究与案例分析
索取号:F121.3/206
 
预约/预借
| 序号 | 登录号 | 条形码 | 馆藏地/架位号 | 状态 | 备注 |
| 1 | 0813909 | 208139094 | 第一样本阅览室/ [索取号:F121.3/206] | 在馆 | |
| 2 | 0813910 | 208139101 | 第一借阅区/ [索取号:F121.3/206] | 在馆 | |
| 3 | 0813911 | 208139110 | 第一借阅区/ [索取号:F121.3/206] | 在馆 | |
| 4 | 0813912 | 208139129 | 第一借阅区/ [索取号:F121.3/206] | 在馆 | |
| 5 | 0813913 | 208139138 | 第一借阅区/ [索取号:F121.3/206] | 在馆 | |
| 6 | 0813914 | 208139147 | 第一借阅区/ [索取号:F121.3/206] | 在馆 | |
| 7 | 0813915 | 208139156 | 第一借阅区/ [索取号:F121.3/206] | 在馆 |